00278nam a22000857a 4500082000900000245008500009260004000094300000900134650004900143 a0115 aDirectory of industrial information services and systems in developing countries bindustrial development organization a131p achemistry , technology, information services